| 000 | 00000nam 2200000zi 4500 |
| 001 | 9.954205 |
| 003 | CaOODSP |
| 005 | 20250818135123 |
| 006 | m o d f |
| 007 | cr mn||||||||| |
| 008 | 250818e20180418oncd obs f000 0 eng d |
| 040 | |aCaOODSP|beng|erda|cCaOODSP |
| 043 | |an-cn--- |
| 086 | 1 |aCS82-003/2018-4-1E-PDF |
| 100 | 1 |aColley, Rachel C., |eauthor. |
| 245 | 10|aReallocating time between sleep, sedentary and active behaviours : |bassociations with obesity and health in Canadian adults / |cby Rachel C. Colley, Isabelle Michaud and Didier Garriguet. |
| 264 | 1|a[Ottawa] : |bStatistics Canada = Statistique Canada, |cApril 18, 2018. |
| 264 | 4|c©2018 |
| 300 | |a1 online resource (pages 3-13) : |bgraphs. |
| 336 | |atext|btxt|2rdacontent |
| 337 | |acomputer|bc|2rdamedia |
| 338 | |aonline resource|bcr|2rdacarrier |
| 490 | 1 |aHealth reports, |x1209-1367 ; |vvol. 29, no. 4, [1] |
| 500 | |aCover title. |
| 500 | |aIssued also in French under title: Répartition du temps entre le sommeil, la sédentarité et l’activité : liens avec l’obésité et la santé chez les adultes canadiens. |
| 504 | |aIncludes bibliographical references (pages 12-13). |
| 520 | 3 |a"Moderate-to-vigorous physical activity (MVPA) and sleep are positively associated with adults’ health, while the association with sedentary behaviour (SED) is negative. Light-intensity physical activity (LPA) is emerging as an independent predictor of improved cardiovascular health. The health impacts of each of these factors have been examined in isolation, but interest has increased in associations between health and movement behaviours collectively"--Abstract, page 3. |
| 650 | 0|aExercise|xHealth aspects|zCanada|vStatistics. |
| 650 | 0|aSleep|xHealth aspects|zCanada|vStatistics. |
| 655 | 7|aStatistics|2lcgft |
| 710 | 2 |aStatistics Canada, |eissuing body. |
| 775 | 08|tRépartition du temps entre le sommeil, la sédentarité et l’activité : |w(CaOODSP)9.954206 |
| 830 | #0|aHealth reports (Series)|x1209-1367 ; |vvol. 29, no. 4, [1].|w(CaOODSP)9.950253 |
| 856 | 40|qPDF|s556 KB|uhttps://publications.gc.ca/collections/collection_2025/statcan/82-003-x/CS82-003-2018-4-1-eng.pdf |
| 856 | 4 |qHTML|sN/A|uhttps://www150.statcan.gc.ca/n1/pub/82-003-x/2018004/article/54951-eng.htm |